Central Library OPAC University of Rajshahi

Electronic spectra of molecules and ions in crystals./ (Record no. 74804)

MARC details
000 -LEADER
fixed length control field 01142nam a2200349I 4500
001 - CONTROL NUMBER
control field 74804
003 - CONTROL NUMBER IDENTIFIER
rucl marc code BD-RjUL
005 - DATE AND TIME OF LATEST TRANSACTION
control field 20211209082615.0
008 - FIXED-LENGTH DATA ELEMENTS--GENERAL INFORMATION
fixed length control field 740219s1959 nyua 000 0 eng d
035 ## - SYSTEM CONTROL NUMBER
System control number MITb10157397
System control number (BD-RjUL)75022
System control number GLIS00157397
040 ## - CATALOGING SOURCE
Transcribing agency BOS
Modifying agency MYG
Original cataloging agency BD-RjUL
Language of cataloging eng
041 ## - LANGUAGE CODE
Language code of text/sound track or separate title eng
082 ## - DEWEY DECIMAL CLASSIFICATION NUMBER
Edition number 23
Classification number 543.5
Author mark and year McE 1959
090 ## - LOCALLY ASSIGNED LC-TYPE CALL NUMBER (OCLC); LOCAL CALL NUMBER (OCLC)
Local cutter number (OCLC) ; Book number/undivided call number, CALL (RLIN) .M128
100 1# - MAIN ENTRY--PERSONAL NAME
Personal name McClure, Donald.
9 (RLIN) 225672
245 10 - TITLE STATEMENT
Title Electronic spectra of molecules and ions in crystals./
Statement of responsibility, etc. Donald McClure,
260 ## - PUBLICATION, DISTRIBUTION, ETC. (IMPRINT)
Place of publication, distribution, etc. New York,
Name of publisher, distributor, etc. Academic Press
Date of publication, distribution, etc. [1959]
300 ## - PHYSICAL DESCRIPTION
Pagination 175 p.
Illustrations diagrs., tables.
Size 22 cm.
490 1# - SERIES STATEMENT
Series statement Solid state reprints
500 ## - GENERAL NOTE
General note "First published in Solid state physics, Volumes 8 and 9."
504 ## - BIBLIOGRAPHY, ETC. NOTE
Bibliography, etc Bibliographical footnotes.
650 #0 - SUBJECT ADDED ENTRY--TOPICAL TERM
Topical term or geographic name as entry element Spectrum analysis.
9 (RLIN) 225673
Topical term or geographic name as entry element Crystals
9 (RLIN) 225674
830 #0 - SERIES ADDED ENTRY--UNIFORM TITLE
Uniform title Solid state reprints.
910 ## - USER-OPTION DATA (OCLC)
User-option data 480939wb830726recon
942 ## - ADDED ENTRY ELEMENTS (KOHA)
Source of classification or shelving scheme Dewey Decimal Classification
Koha item type Books
Holdings
Lost status Source of classification or shelving scheme Damaged status Not for loan Collection code Permanent Location Current Location Shelving location Date acquired Source of acquisition Cost, normal purchase price Total Checkouts Full call number Date last seen Copy number Koha item type
  Dewey Decimal Classification   Not For Loan Non-fiction Central Library, University of Rajshahi Central Library, University of Rajshahi Reading Room 10/01/1965 Zeitlinger 32.00   543.5 McE 1959 06/12/2018 C-1 Books